Countries By ... - Statistics

General Stats
  • This quiz has been taken 41 times
  • The average score is 12 of 14
Answer Stats
Hint Answer % Correct
Biggest country in north America Canada
100%
Biggest country in the world Russia
100%
Biggest country in Europe Russia
100%
Biggest country in Asia Russia
100%
Biggest country in south America Brazil
98%
Smallest country in the world Vatican
98%
Smallest country in Europe Vatican
98%
Biggest country in Australia and Oceania Australia
93%
Smallest country in south America Suriname
83%
Biggest country in Africa Algeria
80%
Smallest country in Australia and Oceania Nauru
66%
Smallest country in Africa Seychelles
63%
Smallest country in north America St Kitts
63%
Smallest country in Asia Maldives
54%
No matching quizzes found
Score Distribution
Percent of People with Each Score
Percentile by Number Answered
Your Score History
You have not taken this quiz